[Event "BL2-West 2223"]
[Site "Germany"]
[Date "2023.03.18"]
[Round "9.5"]
[White "Schlecht, Daniel"]
[Black "Lutz, Klaus Juergen"]
[Result "1-0"]
[WhiteElo "2373"]
[BlackElo "2264"]
[PlyCount "137"]
[EventDate "2022.10.22"]
[EventType "team-tourn"]
[EventRounds "10"]
[EventCountry "GER"]
[SourceTitle "EXT 2024"]
[Source "ChessBase"]
[SourceDate "2023.10.10"]
[SourceVersion "1"]
[SourceVersionDate "2023.10.10"]
[SourceQuality "1"]
[WhiteTeam "Solingen II"]
[BlackTeam "Neuberg"]
[WhiteTeamCountry "GER"]
[BlackTeamCountry "GER"]

1. d4 f5 2. Nf3 e6 3. g3 Nf6 4. Bg2 Be7 5. 0-0 0-0 6. c4 d6 7. b3 a5 8. a3 Qe8 9. Bb2 Ne4 10. Nfd2 Nxd2 11. Nxd2 Bf6 12. e4 e5 13. exf5 Nc6 14. dxe5 Bxe5 15. Re1 Bxf5 16. Nf3 Bg4 17. Qd5+ Be6 18. Nxe5 dxe5 19. Qc5 Bd7 20. Bxe5 Nxe5 21. Rxe5 Qc8 22. Re7 c6 23. Rae1 Be8 24. Qb6 a4 25. b4 Rb8 26. Qd4 Bf7 27. c5 Qf5 28. Be4 Qh5 29. Re5 Qh6 30. Re7 Rfd8 31. Rd7 Re8 32. Re3 Qh3 33. Bg2 Qf5 34. Be4 Qh3 35. Qd6 Bc4 36. Bg2 Qf5 37. Qd4 Bf7 38. Qd3 Qf6 39. Be4 h6 40. h4 Be6 41. Rd6 Qa1+ 42. Kg2 Bf7 43. Qd4 Qa2 44. Qd2 Qxd2 45. Rxd2 Rbd8 46. Rxd8 Rxd8 47. Rd3 Re8 48. f3 Be6 49. h5 Kf8 50. Kf2 Ke7 51. Ke3 Rb8 52. Rd6 Bb3 53. Kd4 Bf7 54. g4 Be8 55. Ke5 Bf7 56. Bf5 Kf8 57. Rd7 Re8+ 58. Kd6 Bd5 59. Bg6 Re6+ 60. Kc7 Re7 61. Rxe7 Kxe7 62. f4 Be6 63. g5 Bd5 64. Kxb7 Ke6 65. Be8 Kf5 66. gxh6 gxh6 67. Bxc6 Bb3 68. Be8 Kxf4 69. c6 1-0

[Event "BL2-West 2223"]
[Site "Germany"]
[Date "2023.02.25"]
[Round "7.5"]
[White "Lutz, Klaus Juergen"]
[Black "Jogstad, Martin"]
[Result "1/2-1/2"]
[WhiteElo "2264"]
[BlackElo "2386"]
[PlyCount "222"]
[EventDate "2022.10.22"]
[EventType "team-tourn"]
[EventRounds "10"]
[EventCountry "GER"]
[SourceTitle "EXT 2024"]
[Source "ChessBase"]
[SourceDate "2023.10.10"]
[SourceVersion "1"]
[SourceVersionDate "2023.10.10"]
[SourceQuality "1"]
[WhiteTeam "Neuberg"]
[BlackTeam "Duesseldorf"]
[WhiteTeamCountry "GER"]
[BlackTeamCountry "GER"]

1. e4 c6 2. d4 d5 3. exd5 cxd5 4. Nf3 Nc6 5. Bb5 Nf6 6. Ne5 Qb6 7. Qe2 a6 8. Ba4 Qxd4 9. Nc3 Bd7 10. Nxd7 Nxd7 11. Bb3 Nf6 12. Bg5 0-0-0 13. Rd1 Qb4 14. a3 Qc5 15. Bxf6 exf6 16. 0-0 d4 17. Nb1 Qe5 18. Qg4+ f5 19. Qh3 Qf6 20. Nd2 Kc7 21. Rfe1 h5 22. f4 Bc5 23. Qd3 Ba7 24. Nf3 Rhe8 25. Kh1 Kb8 26. Qc4 Rxe1+ 27. Rxe1 d3 28. cxd3 Qxb2 29. Qxf7 Bf2 30. Rd1 Qc3 31. Bd5 Ne7 32. Bc4 b5 33. Rb1 Qd4 34. h3 Qf6 35. Bxb5 axb5 36. Rxb5+ Ka8 37. Qa2 Ba7 38. Ne5 Nc8 39. g4 Nb6 40. Qg2+ Kb8 41. Nc6+ Kc7 42. Rc5 Kd6 43. d4 Rc8 44. Nxa7 Rxc5 45. dxc5+ Kxc5 46. Qf2+ Kd5 47. Kg2 hxg4 48. hxg4 fxg4 49. Nb5 Qc6 50. Qd4+ Ke6+ 51. Kg3 Qf3+ 52. Kh4 Qh1+ 53. Kg5 Qh6+ 54. Kxg4 Qg6+ 55. Kf3 Qh5+ 56. Kg3 Qg6+ 57. Kf3 Qh5+ 58. Kg3 Qxb5 59. Qxg7 Qd5 60. Kf2 Qd2+ 61. Kf3 Qd1+ 62. Kf2 Nd7 63. Qg8+ Ke7 64. Qg7+ Ke6 65. Qg8+ Kf5 66. Qg5+ Ke4 67. Qg6+ Kd5 68. Qf7+ Kd6 69. Qg6+ Kc7 70. Qe4 Qd2+ 71. Kf3 Kd8 72. Qa8+ Ke7 73. Qe4+ Kf7 74. Qh7+ Kf8 75. Qh6+ Kf7 76. Qh7+ Ke6 77. Qh6+ Kd5 78. Qg5+ Kc4 79. Qg8+ Kd4 80. Qe6 Nc5 81. Qe7 Qd1+ 82. Kg3 Kc4 83. Qe3 Qc2 84. Kf3 Qg6 85. Qc1+ Kd5 86. Qd1+ Kc6 87. Qd4 Qh5+ 88. Kg3 Qf5 89. Qc4 Qb1 90. Kg4 Qg1+ 91. Kf5 Qg7 92. Qc1 Qf7+ 93. Kg4 Qg6+ 94. Kf3 Qe4+ 95. Kg4 Qe2+ 96. Kg5 Kd5 97. Qh1+ Ne4+ 98. Kf5 Qc2 99. Kg4 Ke6 100. Qh6+ Nf6+ 101. Kf3 Qe4+ 102. Kg3 Qe3+ 103. Kg2 Qe2+ 104. Kg1 Kf7 105. Qg5 Ng4 106. Qd5+ Kf6 107. Qg5+ Ke6 108. Qg8+ Kf5 109. Qg5+ Ke4 110. Qe7+ Kf3 111. Qxe2+ Kxe2 1/2-1/2

[Event "BL2-West 2223"]
[Site "Germany"]
[Date "2022.10.23"]
[Round "2.6"]
[White "Lutz, Klaus Juergen"]
[Black "Stork, Oliver"]
[Result "1/2-1/2"]
[WhiteElo "2264"]
[BlackElo "2340"]
[PlyCount "149"]
[EventDate "2022.10.22"]
[EventType "team-tourn"]
[EventRounds "10"]
[EventCountry "GER"]
[SourceTitle "EXT 2024"]
[Source "ChessBase"]
[SourceDate "2023.10.10"]
[SourceVersion "1"]
[SourceVersionDate "2023.10.10"]
[SourceQuality "1"]
[WhiteTeam "Neuberg"]
[BlackTeam "Oberursel"]
[WhiteTeamCountry "GER"]
[BlackTeamCountry "GER"]

1. e4 c6 2. d4 d5 3. exd5 cxd5 4. Nf3 Nf6 5. Ne5 g6 6. Bb5+ Nbd7 7. 0-0 Bg7 8. a4 0-0 9. Re1 Nxe5 10. dxe5 Ng4 11. Bf4 f6 12. exf6 Bxf6 13. Qd2 Bxb2 14. Ra2 Bg7 15. Bg3 Bf5 16. Nc3 Qa5 17. Ra3 Rac8 18. Rxe7 Bxc3 19. Qxd5+ Kh8 20. Qxb7 Bd4 21. Rxh7+ Kg8 22. Re7 Qd2 23. Bf1 Nf6 24. Rf3 Rxc2 25. Qb3+ Kh8 26. Bh4 Nd5 27. Re2 Qxe2 28. Bxe2 Rxe2 29. h3 Be5 30. Bg3 Bxg3 31. fxg3 Rxg2+ 32. Kxg2 Be4 33. Qb2+ Kh7 34. Qe5 Bxf3+ 35. Kf2 Be4+ 36. Ke1 Rf7 37. h4 Rc7 38. h5 Rc1+ 39. Kd2 Rc2+ 40. Ke1 Rc1+ 41. Kd2 Rc2+ 42. Ke1 Nc3 43. hxg6+ Kxg6 44. Qe8+ Kg5 45. Qg8+ Kh5 46. Kf1 Bd3+ 47. Kg1 Be4 48. Kf1 a5 49. Qd8 Bg2+ 50. Kg1 Be4 51. Kf1 Bg2+ 52. Kg1 Be4 53. Kf1 Kg4 54. Qh4+ Kf5 55. Qh5+ Ke6 56. Qxa5 Nd5 57. Qa7 Ra2 58. Qc5 Rc2 59. Qa7 Bd3+ 60. Kg1 Rc1+ 61. Kf2 Rc2+ 62. Kg1 Ke5 63. Qg7+ Ke4 64. Qg6+ Ke3 65. Qg5+ Kd4 66. Qg7+ Ke4 67. Qg6+ Kd4 68. Qg7+ Kc4 69. Qg4+ Kc3 70. Qg7+ Kc4 71. Qg4+ Kc5 72. Qc8+ Kd4 73. Qh8+ Ke3 74. Qh6+ Kd4 75. Qg7+ 1/2-1/2

[Event "BL2-West 2122"]
[Site "Germany"]
[Date "2022.05.15"]
[Round "6.7"]
[White "Lutz, Klaus Juergen"]
[Black "Lenhard, Martin"]
[Result "1-0"]
[WhiteElo "2227"]
[BlackElo "2072"]
[PlyCount "81"]
[EventDate "2022.03.05"]
[EventType "team-tourn"]
[EventRounds "10"]
[EventCountry "GER"]
[SourceTitle "EXT 2023"]
[Source "ChessBase"]
[SourceDate "2022.10.05"]
[SourceVersion "1"]
[SourceVersionDate "2022.10.05"]
[SourceQuality "1"]
[WhiteTeam "Neuberg"]
[BlackTeam "Hofheim"]
[WhiteTeamCountry "GER"]
[BlackTeamCountry "GER"]

1. e4 e6 2. d4 d5 3. e5 c5 4. c3 Nc6 5. Nf3 Qb6 6. Bd3 Bd7 7. dxc5 Bxc5 8. 0-0 f6 9. b4 Be7 10. Be3 Qc7 11. exf6 Nxf6 12. b5 Ne5 13. Nxe5 Qxe5 14. Bd4 Qh5 15. Nd2 Qxd1 16. Rfxd1 0-0 17. Nf3 b6 18. a4 Bc5 19. Ne5 Rac8 20. Rdc1 Rc7 21. f3 Rfc8 22. Re1 Re8 23. a5 Bc8 24. Nc6 Nd7 25. f4 g6 26. Ra2 a6 27. Nb4 axb5 28. Nxd5 Ra7 29. Bxb5 Kf7 30. Bxc5 bxc5 31. Ne3 Ba6 32. Nc4 Ke7 33. Rae2 Kf6 34. Nd6 Re7 35. Bc4 Bxc4 36. Nxc4 Ra6 37. Rb2 h6 38. Rb7 Nf8 39. Reb1 Rc6 40. Ne5 Ra6 41. Ng4+ 1-0

[Event "BL2-West 2122"]
[Site "Germany"]
[Date "2022.05.01"]
[Round "4.5"]
[White "Lutz, Klaus Juergen"]
[Black "Schenderowitsch, Michael"]
[Result "1-0"]
[WhiteElo "2227"]
[BlackElo "2335"]
[PlyCount "111"]
[EventDate "2022.03.05"]
[EventType "team-tourn"]
[EventRounds "10"]
[EventCountry "GER"]
[SourceTitle "EXT 2023"]
[Source "ChessBase"]
[SourceDate "2022.10.05"]
[SourceVersion "1"]
[SourceVersionDate "2022.10.05"]
[SourceQuality "1"]
[WhiteTeam "Neuberg"]
[BlackTeam "Koblenz"]
[WhiteTeamCountry "GER"]
[BlackTeamCountry "GER"]

1. e4 e6 2. d4 d5 3. e5 c5 4. c3 Nc6 5. Nf3 Nh6 6. Bd3 cxd4 7. 0-0 Nf5 8. Re1 Be7 9. cxd4 0-0 10. Nc3 a6 11. Qa4 Ra7 12. a3 g6 13. Bxf5 exf5 14. Bh6 Re8 15. g3 Be6 16. h4 Qd7 17. b4 Rc8 18. Re3 Nb8 19. Qb3 b5 20. Ne2 a5 21. bxa5 Rxa5 22. Bg5 Bf8 23. Qb2 Qa7 24. Rb3 b4 25. Rxb4 Bxb4 26. Qxb4 Ra4 27. Qb3 Rac4 28. Qe3 Qa4 29. Bf6 Qe8 30. h5 Nd7 31. hxg6 fxg6 32. Qh6 Qf8 33. Qh4 R8c6 34. Nf4 Rc1+ 35. Rxc1 Rxc1+ 36. Kg2 Nxf6 37. Nxe6 Qe7 38. Nf4 Rc6 39. exf6 Qxf6 40. Ng5 Rc7 41. Nd3 Qd6 42. a4 Ra7 43. Nc5 Qe7 44. Qf4 Ra8 45. Nge6 Qf7 46. Qe5 Re8 47. a5 h6 48. a6 Kh7 49. Qxd5 Re7 50. Nf4 Qf6 51. Nfe6 Qf7 52. Qe5 g5 53. d5 g4 54. d6 Ra7 55. d7 Rxd7 56. Nxd7 1-0

[Event "BL2-Sued 1920"]
[Site "Germany"]
[Date "2021.08.08"]
[Round "10.6"]
[White "Lutz, Klaus Juergen"]
[Black "Barski, Radoslaw"]
[Result "0-1"]
[WhiteElo "2240"]
[BlackElo "2437"]
[PlyCount "50"]
[EventDate "2019.10.19"]
[EventType "team-tourn"]
[EventRounds "11"]
[EventCountry "GER"]
[SourceTitle "EXT 2023"]
[Source "ChessBase"]
[SourceDate "2022.10.05"]
[SourceVersion "1"]
[SourceVersionDate "2022.10.05"]
[SourceQuality "1"]
[WhiteTeam "Neuberg"]
[BlackTeam "Heusenstamm"]
[WhiteTeamCountry "GER"]
[BlackTeamCountry "GER"]

1. e4 e5 2. Nf3 Nc6 3. Bb5 a6 4. Ba4 Nf6 5. d3 Bc5 6. c3 d6 7. 0-0 Ba7 8. Re1 h6 9. d4 0-0 10. Bxc6 bxc6 11. dxe5 Ng4 12. Re2 dxe5 13. Qc2 f5 14. Nbd2 Qe7 15. b4 a5 16. h3 axb4 17. hxg4 fxg4 18. cxb4 Ba6 19. b5 Bxb5 20. Qb3+ Rf7 21. Ba3 Qf6 22. Ree1 Rd8 23. Nc4 gxf3 24. Ne3 Rd3 25. Ng4 Qg5 0-1

[Event "BL2-Sued 1920"]
[Site "Germany"]
[Date "2019.12.08"]
[Round "6.5"]
[White "Korpa, Bence"]
[Black "Lutz, Klaus Juergen"]
[Result "1-0"]
[WhiteElo "2560"]
[BlackElo "2240"]
[PlyCount "101"]
[EventDate "2019.10.19"]
[EventType "team-tourn"]
[EventRounds "11"]
[EventCountry "GER"]
[SourceTitle "CBM 194 Extra"]
[Source "ChessBase"]
[SourceDate "2020.03.31"]
[SourceVersion "1"]
[SourceVersionDate "2020.03.31"]
[SourceQuality "1"]
[WhiteTeam "Emmendingen"]
[BlackTeam "Neuberg"]
[WhiteTeamCountry "GER"]
[BlackTeamCountry "GER"]

1. Nf3 d6 2. d4 f5 3. g3 Nf6 4. Bg2 g6 5. 0-0 Bg7 6. b3 0-0 7. Bb2 Ne4 8. Nbd2 Nc6 9. Nxe4 fxe4 10. Ne1 d5 11. f3 exf3 12. exf3 Bf5 13. f4 Qd7 14. Nf3 Be4 15. Qd2 a5 16. a4 h6 17. c3 Rf7 18. Nh4 Bxg2 19. Kxg2 Rf6 20. Rae1 Raf8 21. Bc1 R8f7 22. Qd3 Qd6 23. g4 Bf8 24. h3 Rg7 25. g5 hxg5 26. fxg5 Rxf1 27. Rxf1 e5 28. Rf6 Qd8 29. Nxg6 e4 30. Qg3 Be7 31. Nxe7+ Qxe7 32. Rf2 Qe6 33. h4 Ne7 34. Qh3 Rg6 35. h5 Qxh3+ 36. Kxh3 Re6 37. Rf6 Rxf6 38. gxf6 Nf5 39. Kg4 Nd6 40. h6 Kh7 41. Kg5 c6 42. Bf4 Nf7+ 43. Kf5 Nd8 44. c4 dxc4 45. bxc4 Nf7 46. c5 Nh8 47. Kxe4 Kg6 48. Ke5 Nf7+ 49. Ke6 Nd8+ 50. Kd7 Nf7 51. Kc7 1-0

[Event "Hessen-ch"]
[Site "Frankfurt"]
[Date "2018.05.11"]
[Round "6"]
[White "Zude, Arno"]
[Black "Lutz, Klaus Juergen"]
[Result "1-0"]
[WhiteElo "2372"]
[BlackElo "2251"]
[PlyCount "39"]
[EventDate "2018.05.09"]
[EventType "swiss"]
[EventRounds "9"]
[EventCountry "GER"]
[SourceTitle "EXT 2019"]
[Source "ChessBase"]
[SourceDate "2018.10.10"]
[SourceVersion "1"]
[SourceVersionDate "2018.10.10"]
[SourceQuality "1"]

1. e4 d6 2. d4 Nf6 3. Nc3 c6 4. f4 Qa5 5. Bd3 e5 6. Nf3 exd4 7. Nxd4 g6 8. 0-0 Bg7 9. Kh1 0-0 10. f5 Nbd7 11. Qe1 Re8 12. Qh4 d5 13. Bd2 Qc5 14. exd5 Nxd5 15. Nxd5 Qxd5 16. Ne6 fxe6 17. fxg6 h5 18. Bg5 Rf8 19. Bc4 Qe5 20. Rfe1 1-0

[Event "Oberliga Ost-B 1718"]
[Site "Germany"]
[Date "2018.04.14"]
[Round "10.5"]
[White "Lutz, Klaus Juergen"]
[Black "Chandler, Patrick"]
[Result "1/2-1/2"]
[WhiteElo "2258"]
[BlackElo "2211"]
[PlyCount "130"]
[EventDate "2017.10.22"]
[EventType "team-tourn"]
[EventRounds "11"]
[EventCountry "GER"]
[SourceTitle "EXT 2019"]
[Source "ChessBase"]
[SourceDate "2018.10.10"]
[SourceVersion "1"]
[SourceVersionDate "2018.10.10"]
[SourceQuality "1"]
[WhiteTeam "Neuberg"]
[BlackTeam "Frankfurt Koenig Nied"]
[WhiteTeamCountry "GER"]
[BlackTeamCountry "GER"]

1. e4 Nc6 2. d4 d5 3. e5 Bf5 4. h4 h5 5. Be2 g6 6. Nf3 Qd7 7. Bf4 Bh6 8. Bxh6 Nxh6 9. c3 f6 10. Bb5 a6 11. Qa4 Nf7 12. Nbd2 Nfd8 13. exf6 exf6 14. 0-0 Rb8 15. Rfe1+ Kf7 16. Bf1 Kg7 17. c4 dxc4 18. Qxc4 Nf7 19. Rac1 Rhd8 20. Nb3 Nd6 21. Qc3 Qf7 22. Nc5 Ne7 23. b3 Nd5 24. Qd2 c6 25. Bc4 a5 26. Bxd5 cxd5 27. Na4 b6 28. Rc6 Ne4 29. Qf4 Rbc8 30. Rec1 b5 31. Nb6 Rxc6 32. Rxc6 Bd7 33. Nxd7 Rxd7 34. Qb8 Rb7 35. Qa8 Ra7 36. Qd8 Qd7 37. Qxd7+ Rxd7 38. a3 a4 39. bxa4 bxa4 40. Ne1 Rb7 41. Nd3 Rb3 42. Nf4 Rb1+ 43. Kh2 Nxf2 44. Nxd5 Ng4+ 45. Kg3 Rd1 46. Nf4 Kh6 47. d5 g5 48. hxg5+ Kxg5 49. Nh3+ Kf5 50. d6 Rd3+ 51. Kh4 Ne5 52. Ra6 Rxa3 53. Ra5 Ra2 54. d7 Rd2 55. Rxa4 Rxd7 56. Rf4+ Kg6 57. Ra4 Rd2 58. Nf4+ Kf5 59. Nxh5 Ng6+ 60. Kg3 Rd3+ 61. Kf2 Kg5 62. Ng3 f5 63. Ra5 Nh4 64. Ne4+ Kf4 65. g3+ Kxe4 1/2-1/2

[Event "Oberliga Ost-B 1718"]
[Site "Germany"]
[Date "2017.12.10"]
[Round "4.3"]
[White "Lutz, Klaus Juergen"]
[Black "Hahn, Markus"]
[Result "1/2-1/2"]
[WhiteElo "2258"]
[BlackElo "2281"]
[PlyCount "87"]
[EventDate "2017.10.22"]
[EventType "team-tourn"]
[EventRounds "11"]
[EventCountry "GER"]
[SourceTitle "EXT 2019"]
[Source "ChessBase"]
[SourceDate "2018.10.10"]
[SourceVersion "1"]
[SourceVersionDate "2018.10.10"]
[SourceQuality "1"]
[WhiteTeam "Neuberg"]
[BlackTeam "Kassel"]
[WhiteTeamCountry "GER"]
[BlackTeamCountry "GER"]

1. e4 c5 2. a3 g6 3. h4 h5 4. Nc3 Nc6 5. Bc4 Bg7 6. Nh3 e6 7. Nf4 Nge7 8. Rb1 0-0 9. b4 d5 10. exd5 exd5 11. Ncxd5 Nxd5 12. Bxd5 Re8+ 13. Kf1 Be5 14. d3 Nd4 15. Be4 Bg4 16. f3 Bd7 17. bxc5 Ba4 18. Rxb7 Rc8 19. Qd2 Re7 20. Rxe7 Qxe7 21. Nd5 Qxc5 22. c3 f5 23. Qg5 fxe4 24. Qxe5 exf3 25. Be3 fxg2+ 26. Kxg2 Bc6 27. c4 Bxd5+ 28. cxd5 Qc2+ 29. Kh3 Qe2 30. Qg3 Qxd3 31. Bxd4 Qf5+ 32. Kg2 Qxd5+ 33. Kh2 Qxd4 34. Qxg6+ Qg7 35. Qe6+ Kh7 36. Qf5+ Qg6 37. Qd7+ Qg7 38. Qf5+ Qg6 39. Qxc8 Qd6+ 40. Kg2 Qd2+ 41. Kf3 Qd3+ 42. Kf4 Qd4+ 43. Kf3 Qd3+ 44. Kf4 1/2-1/2

[Event "Oberliga Ost-B 1617"]
[Site "Germany"]
[Date "2016.11.20"]
[Round "3.7"]
[White "Lutz, Klaus Juergen"]
[Black "Kayser, Felix"]
[Result "0-1"]
[WhiteElo "2277"]
[BlackElo "2171"]
[PlyCount "86"]
[EventDate "2016.10.16"]
[EventType "team-tourn"]
[EventRounds "11"]
[EventCountry "GER"]
[SourceTitle "EXT 2018"]
[Source "ChessBase"]
[SourceDate "2017.10.13"]
[SourceVersion "1"]
[SourceVersionDate "2017.10.13"]
[SourceQuality "1"]
[WhiteTeam "Neuberg"]
[BlackTeam "Wiesbaden"]
[WhiteTeamCountry "GER"]
[BlackTeamCountry "GER"]

1. d4 d5 2. Nc3 g6 3. h4 Nf6 4. Bg5 Bg7 5. Qd2 Nc6 6. Nh3 h6 7. Bxf6 Bxf6 8. e3 a6 9. Nf4 e6 10. g3 b6 11. Bg2 Bb7 12. Qe2 Qe7 13. a3 Bg7 14. Qg4 Nb8 15. Nd3 Nd7 16. Qf4 0-0-0 17. Qg4 Kb8 18. Qe2 Ka7 19. 0-0 g5 20. h5 f5 21. Rfe1 Qf7 22. a4 g4 23. Nb4 Bf8 24. Nd3 Qxh5 25. a5 b5 26. Nf4 Qf7 27. Nxb5+ axb5 28. Qxb5 Ba6 29. Qc6 Bd6 30. Rec1 Nb8 31. Qa4 Bxf4 32. exf4 Qd7 33. Qb4 Qd6 34. Qd2 Nd7 35. b4 Rb8 36. Rcb1 Nf6 37. b5 Bxb5 38. a6 Rb6 39. Ra5 Rhb8 40. Rb3 Bc4 41. Rc3 Rb1+ 42. Kh2 R8b5 43. Rxb5 Rxb5 0-1

[Event "BL2-Ost 1516"]
[Site "Germany"]
[Date "2015.09.20"]
[Round "1.7"]
[White "Hoffmeyer, Falk"]
[Black "Lutz, Klaus Juergen"]
[Result "1-0"]
[WhiteElo "2309"]
[BlackElo "2286"]
[PlyCount "59"]
[EventDate "2015.09.20"]
[EventType "team-tourn"]
[EventRounds "9"]
[EventCountry "GER"]
[SourceTitle "CBM 170 Extra"]
[Source "ChessBase"]
[SourceDate "2016.02.25"]
[SourceVersion "1"]
[SourceVersionDate "2016.02.25"]
[SourceQuality "1"]
[WhiteTeam "Zugzwang MSA"]
[BlackTeam "Neuberg"]
[WhiteTeamCountry "GER"]
[BlackTeamCountry "GER"]

1. d4 d6 2. c4 e5 3. d5 f5 4. Nc3 Nf6 5. e4 Na6 6. exf5 Bxf5 7. Bd3 Bxd3 8. Qxd3 Nc5 9. Qc2 Qd7 10. h3 e4 11. Be3 Nd3+ 12. Kf1 Qf5 13. Nge2 0-0-0 14. Nd4 Qg6 15. Qa4 a6 16. b4 Nd7 17. Ne6 Re8 18. Qa5 Nb6 19. Bxb6 cxb6 20. Qxb6 Rxe6 21. dxe6 Qf6 22. Rc1 e3 23. Rc2 e2+ 24. Kxe2 Nf4+ 25. Kd1 Nxe6 26. Re1 Be7 27. Nd5 Qa1+ 28. Rc1 Qxa2 29. Rxe6 Qb3+ 30. Ke1 1-0

[Event "Oberliga Ost-B 1415"]
[Site "Germany"]
[Date "2015.02.22"]
[Round "8.7"]
[White "Lutz, Klaus Juergen"]
[Black "Schmidt, Lothar"]
[Result "1-0"]
[WhiteElo "2255"]
[BlackElo "2070"]
[PlyCount "57"]
[EventDate "2014.09.21"]
[EventType "team-tourn"]
[EventRounds "11"]
[EventCountry "GER"]
[SourceTitle "EXT 2016"]
[Source "ChessBase"]
[SourceDate "2015.10.08"]
[SourceVersion "1"]
[SourceVersionDate "2015.10.08"]
[SourceQuality "1"]
[WhiteTeam "Neuberg"]
[BlackTeam "Jena Schott"]
[WhiteTeamCountry "GER"]
[BlackTeamCountry "GER"]

1. e4 g6 2. d4 Bg7 3. Nc3 d6 4. Bg5 h6 5. Be3 a6 6. Qd2 e6 7. Bd3 Ne7 8. Nge2 Nd7 9. Nd1 b6 10. f3 Bb7 11. Nf2 e5 12. c3 Ng8 13. Qc2 Qe7 14. Qa4 g5 15. Ng3 Qd8 16. Nf5 Bf8 17. Ng4 b5 18. Qc2 h5 19. Nf2 Nh6 20. a4 Nxf5 21. exf5 Bc6 22. axb5 Bxb5 23. Be4 Nb6 24. Bxa8 Qxa8 25. dxe5 dxe5 26. Qe4 Qxe4 27. Nxe4 Nc4 28. Bc1 Rg8 29. Nf6+ 1-0

[Event "Oberliga Ost-B 1415"]
[Site "Germany"]
[Date "2014.09.21"]
[Round "1.7"]
[White "Schwenkreis, Thomas"]
[Black "Lutz, Klaus Juergen"]
[Result "0-1"]
[WhiteElo "2169"]
[BlackElo "2255"]
[PlyCount "134"]
[EventDate "2014.09.21"]
[EventType "team-tourn"]
[EventRounds "11"]
[EventCountry "GER"]
[SourceTitle "EXT 2016"]
[Source "ChessBase"]
[SourceDate "2015.10.08"]
[SourceVersion "1"]
[SourceVersionDate "2015.10.08"]
[SourceQuality "1"]
[WhiteTeam "Frankfurt BvK"]
[BlackTeam "Neuberg"]
[WhiteTeamCountry "GER"]
[BlackTeamCountry "GER"]

1. e4 d6 2. d4 Nf6 3. Nc3 c6 4. Be2 Qa5 5. Bf3 e5 6. Rb1 a6 7. b4 Qc7 8. Be3 Nbd7 9. Nge2 Be7 10. 0-0 0-0 11. Ng3 Re8 12. Be2 b5 13. f4 Bb7 14. Nf5 Bf8 15. fxe5 dxe5 16. dxe5 Nxe5 17. Bg5 Nfd7 18. Qe1 Ng6 19. Qd2 f6 20. Be3 Rad8 21. Bd3 Nde5 22. Bc5 Ng4 23. Ng3 Bxc5+ 24. bxc5 Qe5 25. Rf5 Qd4+ 26. Kh1 Bc8 27. Nce2 Nf2+ 28. Rxf2 Qxf2 29. Rf1 Qxc5 30. Qa5 Qd6 31. a4 Ne5 32. Nf4 Qd4 33. axb5 axb5 34. h3 Kh8 35. Kh2 b4 36. Be2 Qc3 37. Nfh5 Qxc2 38. Qxb4 Qd2 39. Qb6 Qd4 40. Qa5 Qd2 41. Qb6 Rd7 42. Qc5 Qd6 43. Qa5 Qc7 44. Qc5 Rde7 45. Kh1 Qa7 46. Qc1 c5 47. Nf4 Bd7 48. Nd5 Rf7 49. Bh5 Ng6 50. Nf4 Bb5 51. Nxg6+ hxg6 52. Bxg6 Bxf1 53. Qd1 Kg8 54. Nxf1 Re5 55. Ng3 Rg5 56. Bf5 g6 57. Bg4 Qc7 58. Ne2 Qe5 59. Bf3 Qc7 60. Nc3 c4 61. Qc2 Kg7 62. Nd5 Qc5 63. Qc3 Re5 64. Nf4 Rb7 65. Nd5 Rb1+ 66. Kh2 Qg1+ 67. Kg3 Qe1+ 0-1

[Event "Karl Mala Memorial op-A 17th"]
[Site "Frankfurt"]
[Date "2014.08.02"]
[Round "4"]
[White "Ovsejevitsch, Sergei"]
[Black "Lutz, Klaus Juergen"]
[Result "1/2-1/2"]
[WhiteElo "2569"]
[BlackElo "2255"]
[PlyCount "114"]
[EventDate "2014.07.31"]
[EventType "swiss"]
[EventRounds "7"]
[EventCountry "GER"]
[SourceTitle "EXT 2015"]
[Source "ChessBase"]
[SourceDate "2014.11.20"]
[SourceVersion "1"]
[SourceVersionDate "2014.11.20"]
[SourceQuality "1"]

1. d4 f5 2. Nc3 Nf6 3. Bg5 d5 4. e3 e6 5. Nf3 c6 6. Bd3 Bd6 7. 0-0 0-0 8. Ne2 Bd7 9. c4 b5 10. cxb5 cxb5 11. Rc1 Qb6 12. Qb3 Nc6 13. Bf4 Na5 14. Qd1 Rac8 15. Bxd6 Qxd6 16. b3 Rxc1 17. Qxc1 Rc8 18. Qd2 b4 19. Ne5 Nc6 20. Nxd7 Nxd7 21. Bb5 a5 22. Rc1 Na7 23. Rxc8+ Nxc8 24. Qc2 Ncb6 25. Nf4 Kf7 26. g4 g6 27. g5 e5 28. Nd3 exd4 29. exd4 Nf8 30. Ne5+ Kg7 31. Qc5 Qxc5 32. dxc5 Na8 33. Nc6 Ne6 34. Nxa5 Nac7 35. Bf1 Nxc5 36. Nc6 N7a6 37. f4 Kf7 38. Kf2 Ke6 39. Ke3 Kd6 40. Nd4 Nc7 41. Nc2 N7e6 42. Nxb4 d4+ 43. Kf3 Ne4 44. Nd3 Kd5 45. Bg2 Nc3 46. Kf2+ Kd6 47. a4 Ne4+ 48. Kf3 Nd2+ 49. Kg3 Nxb3 50. h4 Nd2 51. h5 gxh5 52. Kh4 Ne4 53. a5 N4c5 54. Bf1 Nxd3 55. Bxd3 Nxf4 56. Bxf5 d3 57. Bxd3 Nxd3 1/2-1/2

[Event "BL2-Sued 1314"]
[Site "Germany"]
[Date "2014.02.09"]
[Round "6.6"]
[White "Fuchs, Heinz"]
[Black "Lutz, Klaus Juergen"]
[Result "1/2-1/2"]
[WhiteElo "2347"]
[BlackElo "2247"]
[PlyCount "82"]
[EventDate "2013.10.13"]
[EventType "team-tourn"]
[EventRounds "9"]
[EventCountry "GER"]
[SourceTitle "EXT 2015"]
[Source "ChessBase"]
[SourceDate "2014.11.20"]
[SourceVersion "1"]
[SourceVersionDate "2014.11.20"]
[SourceQuality "1"]
[WhiteTeam "Untergrombach"]
[BlackTeam "Neuberg"]
[WhiteTeamCountry "GER"]
[BlackTeamCountry "GER"]

1. d4 d6 2. Nf3 Bg4 3. e4 Nf6 4. Nc3 e6 5. Be2 Be7 6. Be3 d5 7. h3 Bh5 8. exd5 exd5 9. g4 Bg6 10. Ne5 Bb4 11. Nxg6 hxg6 12. Bf3 c6 13. Qd3 0-0 14. a3 Qa5 15. Bd2 Re8+ 16. Kf1 Bxc3 17. Bxc3 Qd8 18. Re1 Rxe1+ 19. Bxe1 Nbd7 20. Kg2 Nf8 21. Bd2 Ne6 22. Be3 Qd6 23. Rd1 Re8 24. Qd2 b5 25. Qb4 Qc7 26. Qd2 Ne4 27. Qd3 f5 28. b3 Qe7 29. c4 bxc4 30. bxc4 Qh4 31. Rf1 N6g5 32. Bxg5 Nxg5 33. Rh1 Ne4 34. Bxe4 fxe4 35. Qg3 Qe7 36. cxd5 cxd5 37. Rc1 e3 38. Qxe3 Qxe3 39. fxe3 Rxe3 40. Rc5 Rxa3 41. Rxd5 Rd3 1/2-1/2